000 00972nam a2200277 a 4500
001 000021298
005 20200930011305.0
008 100903s1997 mx 000 m spa d
020 _a9682997860
040 _aDO-SdBNP
_bspa
_cBNPHU
082 _a823.8
_bL419e
100 1 _aLawrence, D. H.
_944508
245 1 0 _aEstrella del alba y del atardecer :
_balgunos escritos americanos /
_cD. H. Lawrence ; traducción, prólogo y notas Elisa Ramírez.
260 _aMéxico, D. F. :
_bConsejo Nacional para la Cultura y las Artes,
_c1997.
300 _a241 p. ;
_c21 cm.
490 1 _aMirada Viajera
500 _aIncluye notas al pie de las páginas.
504 _aIncluye referencias bibliográficas
650 4 _aCuentos ingleses
_9497
650 4 _aEnsayos ingleses
_942620
650 4 _aLiteratura inglesa
_9498
651 4 _aMéxico
_xDescripciones Y Viajes
_911991
700 1 _aRamírez, Elisa,
_etr.
_944509
830 0 _aMirada Viajera
_911996
049 _aBNGR
999 _c20798
_d20798